00612nam a22001697a 4500003000800000005001700008008003900025022001300064040003000077082001300107110004400120245014100164260007100305300001800376504004000394650000800434BD-DhUL20210128141539.01603b s1993 xxu||||| |||| 00| 0 eng d a03416151 cBD-DhULdBD-DhULdBD-DhUL a340bLAW2 aNumerous members of german universities aLaw and state :ba biannual collection of recent German contributions to these fields, vol. 47/cNumerous members of german universities aGermany:bInstitut Fur Wissenschaftliche Zzusammenarbeit ,cC1993. a118 p.;c24cm aIncludes bibliographycal references 0aLaw